| 000 | 00516nam a2200169 i 4500 | ||
|---|---|---|---|
| 001 | 93813 | ||
| 003 | ES-MaACL | ||
| 005 | 20230906181324.0 | ||
| 007 | t| | ||
| 008 | 050420s1945 sp ||||1| spa d | ||
| 100 | 1 |
_aLópez Lozano, Joaquín Carlos. _973741 |
|
| 245 | 1 | 0 |
_aAdonde va el mundo? / _cRoberto de Arenzoga; Joaquín Carlos López Lozano. |
| 260 |
_aMadrid : _bEdit. Nacional, _c1945. |
||
| 300 |
_a250 p., 3 h ; _c19 cm. |
||
| 700 | 1 |
_aArenzoga, Roberto de. _922626 |
|
| 852 |
_aES-MaACL _jC-3937 _bR.23289 |
||
| 999 |
_c93813 _d93813 |
||